00497 2200181 4500001002100000005001700021008004100038035002600079245001900105100001900124250001200143260006500155020002200220082000800242084001100250650003600261990001800297INLIS00000000000064520191229195148.0191229| ||| | ind  a 0010-12190000000064500cSaifuddin Aman0 aSaifuddin Aman aPertama aJakarta : Al-Mawardi PrimabJakarta : Al-Mawardi Primac2009 a978-979-3862-52-40 a200 a297,54 0aJalan Tuhan Menjadi Kaya 297.54 aB201504091021